Modern industrial microbiology and biotechnology / (Record no. 44142)

MARC details
001 - CONTROL NUMBER
control field 19706930
003 - CONTROL NUMBER IDENTIFIER
control field 0000
005 - DATE AND TIME OF LATEST TRANSACTION
control field 20260316114057.0
008 - FIXED-LENGTH DATA ELEMENTS--GENERAL INFORMATION
fixed length control field 170614t20182018flua b 001 0 eng
010 ## - LIBRARY OF CONGRESS CONTROL NUMBER
LC control number 2017028404
020 ## - INTERNATIONAL STANDARD BOOK NUMBER
International Standard Book Number 9780367781675
020 ## - INTERNATIONAL STANDARD BOOK NUMBER
International Standard Book Number 1138550183
035 ## - SYSTEM CONTROL NUMBER
System control number 19706930
040 ## - CATALOGING SOURCE
Original cataloging agency DLC
Language of cataloging eng
Transcribing agency DLC
Description conventions rda
Modifying agency DLC
042 ## - AUTHENTICATION CODE
Authentication code pcc
050 00 - LIBRARY OF CONGRESS CALL NUMBER
Classification number QR 53 .O35
082 00 - DEWEY DECIMAL CLASSIFICATION NUMBER
Classification number 579.078
Edition number 23
100 1# - MAIN ENTRY--PERSONAL NAME
Personal name Okafor, Nduka,
Relator term author.
245 10 - TITLE STATEMENT
Title Modern industrial microbiology and biotechnology /
Statement of responsibility, etc Nduka Okafor, Department of Biological Sciences, Clemson University, Clemson, South Carolina, USA, Benedict C. Okeke, Bioprocessing and Biofuel Research Lab, Department of Biology, Auburn University at Montgomery, Alabama, USA.
250 ## - EDITION STATEMENT
Edition statement 2nd ed.
264 #1 - PUBLICATION, DISTRIBUTION, ETC. (IMPRINT)
Place of publication, distribution, etc Boca Raton :
Name of publisher, distributor, etc CRC Press, Taylor & Francis Group,
Date of publication, distribution, etc 2018
264 #4 - PUBLICATION, DISTRIBUTION, ETC. (IMPRINT)
Date of publication, distribution, etc 2018
Place of publication, distribution, etc Boca Raton :
Name of publisher, distributor, etc CRC Press, Taylor & Francis Group,
300 ## - PHYSICAL DESCRIPTION
Extent xxi, 463 pages :
Other physical details illustrations (chiefly color) ;
Dimensions 26 cm
336 ## - CONTENT TYPE
Content type term text
Content type code txt
Source rdacontent
337 ## - MEDIA TYPE
Media type term unmediated
Media type code n
Source rdamedia
338 ## - CARRIER TYPE
Carrier type term volume
Carrier type code nc
Source rdacarrier
500 ## - GENERAL NOTE
General note "A Science Publishers book."
504 ## - BIBLIOGRAPHY, ETC. NOTE
Bibliography, etc Includes bibliographical references and index.
650 #0 - SUBJECT ADDED ENTRY--TOPICAL TERM
Topical term or geographic name as entry element Industrial microbiology
Form subdivision Textbooks.
650 #0 - SUBJECT ADDED ENTRY--TOPICAL TERM
Topical term or geographic name as entry element Microbiology
Form subdivision Textbooks.
650 #0 - SUBJECT ADDED ENTRY--TOPICAL TERM
Topical term or geographic name as entry element Biotechnology
Form subdivision Textbooks.
650 #0 - SUBJECT ADDED ENTRY--TOPICAL TERM
Topical term or geographic name as entry element Chemical engineering
Form subdivision Textbooks.
700 1# - ADDED ENTRY--PERSONAL NAME
Personal name Okeke, Benedict C.,
Relator term author.
906 ## - LOCAL DATA ELEMENT F, LDF (RLIN)
a 7
b cbc
c orignew
d 1
e ecip
f 20
g y-gencatlg
942 ## - ADDED ENTRY ELEMENTS (KOHA)
Source of classification or shelving scheme Library of Congress Classification
Koha item type Books
Holdings
Withdrawn status Lost status Source of classification or shelving scheme Damaged status Not for loan Permanent Location Current Location Date acquired Total Checkouts Full call number Barcode Date last seen Price effective from Koha item type
    Library of Congress Classification     NILE UNIVERSITY OF NIGERIA - MAIN LIBRARY NILE UNIVERSITY OF NIGERIA - MAIN LIBRARY 03/16/2026   QR 53 .O35 2018 0199512 03/16/2026 03/16/2026 Books